000247414 001__ 247414
000247414 005__ 20260201182614.0
000247414 022__ $$a2772-6622$$l2772-6622
000247414 0247_ $$2ZDBID$$aPERI:(DE-600)3106160-6
000247414 0247_ $$2ZDBPPN$$aZDPPN:1249680646
000247414 0247_ $$2EZBID$$aPERI:(DE-606)483729
000247414 0247_ $$2EZBID$$aPERI:(DE-606)483729
000247414 0247_ $$2EZBID$$aPERI:(DE-606)483729
000247414 0247_ $$2OCLC$$aOCLC:1292946120
000247414 0247_ $$2SCOPUS$$aSCOPUS:21101098756
000247414 035__ $$aPERI:(DE-600)3106160-6
000247414 040__ $$a0355$$bger$$cDE-101$$dJOIN²$$eJOIN² journal identification
000247414 041__ $$aeng
000247414 044__ $$cXA-NL
000247414 082__ $$223sdnb$$a004$$qDE-600
000247414 08274 $$223sdnb$$a004$$qDE-600
000247414 084__ $$2ssgn$$a3,2
000247414 24220 $$2DE-600$$aDecision analytics journal$$yen
000247414 24220 $$2DE-600$$aDecision analytics journal
000247414 245__ $$2DE-600$$aDecision analytics journal$$honline
000247414 2463_ $$2DE-600$$aDecision analytics journal
000247414 2463_ $$aDecision analytics journal
000247414 260__ $$aAmsterdam$$bElsevier$$c[2021]-
000247414 260_1 $$0Host:(DE-Juel1)3$$2DE-Juel1$$aElsevier
000247414 2607_ $$2DOAJ$$aUnited States$$bElsevier$$d2025-08-21T14:46:19Z
000247414 26431 $$aAmsterdam$$bElsevier$$c[2021]-
000247414 3620_ $$2DE-600$$aVolume 1 (November 2021)-
000247414 36301 $$2DE-600$$81.1\x$$a1$$i2021
000247414 365__ $$2DOAJ$$aAPC$$b1500$$cUSD$$d2025-08-21T14:46:19Z
000247414 380__ $$2marcgt$$ajournal
000247414 500__ $$aAutomatically generated record. (Updated: 2025-11-11)
000247414 650_7 $$0ASJC:1800$$2ASJC$$aGeneral Decision Sciences
000247414 650_7 $$0ASJC:2611$$2ASJC$$aModeling and Simulation
000247414 650_7 $$0ASJC:2604$$2ASJC$$aApplied Mathematics
000247414 650_7 $$0ASJC:2603$$2ASJC$$aAnalysis
000247414 65310 $$2EZB-Subject$$aBusiness and Economics
000247414 65310 $$2EZB-Keyword$$aAllgemeine Wirtschaftswissenschaften
000247414 65310 $$2DOAJ$$apredictive modelling$$d2025-08-21T14:46:19Z
000247414 65310 $$2DOAJ$$asimulation modelling$$d2025-08-21T14:46:19Z
000247414 65310 $$2DOAJ$$aoptimization modelling$$d2025-08-21T14:46:19Z
000247414 65310 $$2DOAJ$$aprescriptive methods$$d2025-08-21T14:46:19Z
000247414 65310 $$2DOAJ$$abusiness intelligence$$d2025-08-21T14:46:19Z
000247414 65310 $$2DOAJ$$aSocial Sciences: Commerce: Business: Business mathematics. Commercial arithmetic. Including tables$$d2025-08-21T14:46:19Z
000247414 65310 $$2DOAJ$$aetc.$$d2025-08-21T14:46:19Z
000247414 8564_ $$d0$$uhttps://ezb.ur.de/?3106160-6$$yEZB
000247414 8564_ $$d0$$uhttps://www.elsevier.com/journals/decision-analytics-journal/2772-6622/guide-for-authors$$yInstructions for Authors
000247414 8564_ $$d0$$uhttps://www.journals.elsevier.com/decision-analytics-journal$$yScope
000247414 8564_ $$d0$$uhttps://www.journals.elsevier.com/decision-analytics-journal/editorial-board$$yEditorial board
000247414 8564_ $$d0$$uhttps://www.sciencedirect.com/journal/Decision-Analytics-Journal$$yVerlag = kostenfrei
000247414 8564_ $$d0$$uhttps://www.sciencedirect.com/journal/decision-analytics-journal/publish/open-access-options$$yAPC information
000247414 8801_ $$2DE-600$$aDecision analytics journal
000247414 909CO $$ooai:juser.fz-juelich.de:912766$$pauthority$$pauthority:PERI
000247414 909CO $$ooai:juser.fz-juelich.de:912766
000247414 915__ $$0StatID:(DE-HGF)0200$$2StatID$$aDBCoverage$$bSCOPUS$$d2025-11-11
000247414 915__ $$0StatID:(DE-HGF)0501$$2StatID$$aDBCoverage$$bDOAJ Seal$$d2025-08-21T14:46:19Z
000247414 915__ $$0StatID:(DE-HGF)0500$$2StatID$$aDBCoverage$$bDOAJ$$d2025-08-21T14:46:19Z
000247414 915__ $$0StatID:(DE-HGF)0030$$2StatID$$aPeer Review$$bDOAJ : Anonymous peer review$$d2025-08-21T14:46:19Z
000247414 915__ $$0StatID:(DE-HGF)0561$$2StatID$$aArticle Processing Charges$$d2025-11-11
000247414 915__ $$0StatID:(DE-HGF)0700$$2StatID$$aFees$$d2025-11-11
000247414 980__ $$aPERI
000247414 980__ $$aAUTHORITY